[Event "Barcelona CC Amateurs July"]
[Site "Barcelona"]
[Date "2021.07.11"]
[Round "7"]
[White "Vives Cabau, Jordi"]
[Black "Valbuena Castro, Gregorio"]
[Result "0-1"]
[WhiteElo "1714"]
[BlackElo "1572"]
[PlyCount "25"]
[EventDate "2021.07.06"]
[EventType "tourn"]
[EventRounds "9"]
[EventCountry "ESP"]
[SourceTitle "EXT 2022"]
[Source "ChessBase"]
[SourceDate "2021.10.06"]
[SourceVersion "1"]
[SourceVersionDate "2021.10.06"]
[SourceQuality "1"]

1. e4 e5 2. Nf3 Nf6 3. Bc4 d5 4. exd5 e4 5. Qe2 Be7 6. Nd4 Bg4 7. f3 exf3 8. Nxf3 0-0 9. 0-0 Bc5+ 10. d4 Bxf3 11. Qxf3 Bxd4+ 12. Kh1 Nbd7 13. Nc3 0-1

[Event "Barcelona CC Amateurs July"]
[Site "Barcelona"]
[Date "2021.07.09"]
[Round "5"]
[White "Vives Cabau, Jordi"]
[Black "Solis Calancha, Jordi"]
[Result "0-1"]
[WhiteElo "1714"]
[BlackElo "1588"]
[PlyCount "82"]
[EventDate "2021.07.06"]
[EventType "tourn"]
[EventRounds "9"]
[EventCountry "ESP"]
[SourceTitle "EXT 2022"]
[Source "ChessBase"]
[SourceDate "2021.10.06"]
[SourceVersion "1"]
[SourceVersionDate "2021.10.06"]
[SourceQuality "1"]

1. e4 c6 2. d4 d5 3. exd5 cxd5 4. Bd3 Nc6 5. c3 Nf6 6. Bf4 Bg4 7. Qb3 Qc8 8. f3 Bh5 9. Ne2 e6 10. Nd2 Be7 11. Bg3 Bg6 12. Nf4 Bxd3 13. Nxd3 0-0 14. 0-0 Nh5 15. Bf2 Bd6 16. g3 Qc7 17. Kg2 Qe7 18. Rae1 Rab8 19. Qd1 b5 20. f4 Nf6 21. Ne5 Qc7 22. g4 b4 23. g5 bxc3 24. bxc3 Nd7 25. Qc2 Ne7 26. Rb1 Nf5 27. Qd3 f6 28. Rxb8 Rxb8 29. Nxd7 Qxd7 30. gxf6 gxf6 31. Be1 Qb5 32. Qxb5 Rxb5 33. Kf3 Rb2 34. Rf2 Rxa2 35. Nb3 Ra3 36. Rb2 a5 37. Kg4 Ne3+ 38. Kf3 Nf5 39. Kg4 Ng7 40. Rb1 h5+ 41. Kh4 Bxf4 0-1

[Event "Barcelona CC Amateurs July"]
[Site "Barcelona"]
[Date "2021.07.08"]
[Round "3"]
[White "Fernandez Egea, Andres"]
[Black "Vives Cabau, Jordi"]
[Result "0-1"]
[WhiteElo "1853"]
[BlackElo "1714"]
[PlyCount "64"]
[EventDate "2021.07.06"]
[EventType "tourn"]
[EventRounds "9"]
[EventCountry "ESP"]
[SourceTitle "EXT 2022"]
[Source "ChessBase"]
[SourceDate "2021.10.06"]
[SourceVersion "1"]
[SourceVersionDate "2021.10.06"]
[SourceQuality "1"]

1. e4 e5 2. Nf3 Nc6 3. Bb5 Bc5 4. c3 f5 5. d4 fxe4 6. dxc5 exf3 7. Qxf3 Nf6 8. Bg5 0-0 9. 0-0 d5 10. cxd6 cxd6 11. h3 d5 12. Qe3 h6 13. Bh4 Ng4 14. Bxd8 Nxe3 15. fxe3 Rxf1+ 16. Kxf1 Nxd8 17. Nd2 Be6 18. Ke2 Rc8 19. Rf1 Nf7 20. Ba4 Kf8 21. Bb3 Ke7 22. Nf3 g5 23. Rd1 Rd8 24. g4 a6 25. Nh2 e4 26. Nf1 Ne5 27. Ng3 Nd3 28. Nf5+ Bxf5 29. gxf5 b5 30. Bc2 Nxb2 31. Rb1 Nc4 32. Kf2 Ne5 0-1

[Event "Barcelona CC Amateurs July"]
[Site "Barcelona"]
[Date "2021.07.06"]
[Round "1"]
[White "Costa Trave, Jaume"]
[Black "Vives Cabau, Jordi"]
[Result "1-0"]
[WhiteElo "1673"]
[BlackElo "1714"]
[PlyCount "29"]
[EventDate "2021.07.06"]
[EventType "tourn"]
[EventRounds "9"]
[EventCountry "ESP"]
[SourceTitle "EXT 2022"]
[Source "ChessBase"]
[SourceDate "2021.10.06"]
[SourceVersion "1"]
[SourceVersionDate "2021.10.06"]
[SourceQuality "1"]

1. f4 f5 2. e4 e6 3. e5 Qh4+ 4. g3 Qe7 5. Nf3 b6 6. d4 Bb7 7. Bg2 Nh6 8. 0-0 g6 9. c4 Bg7 10. Nc3 0-0 11. h3 Nf7 12. Kh2 Nc6 13. Nb5 Rfc8 14. b3 Bf8 15. Bb2 1-0

[Event "Barcelona Primavera CE op"]
[Site "Barcelona"]
[Date "2021.05.22"]
[Round "5"]
[White "Gabanach Fernandez, Victor"]
[Black "Vives Cabau, Jordi"]
[Result "1-0"]
[WhiteElo "1876"]
[BlackElo "1758"]
[PlyCount "131"]
[EventDate "2021.04.24"]
[EventType "swiss"]
[EventRounds "9"]
[EventCountry "ESP"]
[SourceTitle "EXT 2022"]
[Source "ChessBase"]
[SourceDate "2021.10.06"]
[SourceVersion "1"]
[SourceVersionDate "2021.10.06"]
[SourceQuality "1"]

1. Nf3 f5 2. b3 Nf6 3. Bb2 e6 4. e3 Be7 5. Be2 0-0 6. 0-0 b6 7. c4 Bb7 8. Nc3 Ne4 9. d4 Nxc3 10. Bxc3 Bf6 11. Nd2 g6 12. f3 d6 13. Qc2 e5 14. d5 Nd7 15. b4 Qe7 16. a4 c5 17. dxc6 Bxc6 18. Nb3 d5 19. Rfd1 dxc4 20. Bxc4+ Kg7 21. Qd2 Rfd8 22. Qd6 Rac8 23. Ba6 Qxd6 24. Rxd6 Nb8 25. Rxf6 Kxf6 26. Bxc8 Rxc8 27. f4 Nd7 28. Bb2 Be4 29. Rd1 Ke7 30. fxe5 Bc2 31. Rc1 Rc4 32. Nd4 Bd3 33. Rxc4 Bxc4 34. Nc6+ Ke6 35. Nxa7 Ba6 36. Nc6 Kd5 37. b5 Bb7 38. Nd8 Bc8 39. Bd4 Nc5 40. Bxc5 Kxc5 41. Nc6 Kc4 42. Nd4 Kb4 43. e6 Kxa4 44. Kf2 Kb4 45. e7 Bd7 46. Ne6 Kxb5 47. Nc7+ Kc4 48. e8Q Bxe8 49. Nxe8 b5 50. Nd6+ Kc5 51. Nb7+ Kc4 52. Ke2 Kc3 53. Nd6 b4 54. Nb5+ Kc2 55. Nd4+ Kc3 56. Kf3 b3 57. Nxb3 Kxb3 58. e4 fxe4+ 59. Kxe4 Kc4 60. Kf4 Kd4 61. Kg5 Ke3 62. Kh6 Kf2 63. g4 Kf3 64. h3 Kg3 65. g5 Kxh3 66. Kxh7 1-0

[Event "Barcelona Primavera CE op"]
[Site "Barcelona"]
[Date "2021.05.08"]
[Round "3"]
[White "Sanchez Viana, Jordi"]
[Black "Vives Cabau, Jordi"]
[Result "1/2-1/2"]
[WhiteElo "1566"]
[BlackElo "1758"]
[PlyCount "23"]
[EventDate "2021.04.24"]
[EventType "swiss"]
[EventRounds "9"]
[EventCountry "ESP"]
[SourceTitle "EXT 2022"]
[Source "ChessBase"]
[SourceDate "2021.10.06"]
[SourceVersion "1"]
[SourceVersionDate "2021.10.06"]
[SourceQuality "1"]

1. e4 c5 2. d4 cxd4 3. c3 d5 4. exd5 Qxd5 5. Nf3 Bg4 6. Be2 Nf6 7. 0-0 dxc3 8. Nxc3 Qxd1 9. Rxd1 e5 10. Nxe5 Bxe2 11. Nxe2 Be7 12. Ng3 1/2-1/2

[Event "Barcelona Primavera CE op"]
[Site "Barcelona"]
[Date "2021.04.24"]
[Round "1"]
[White "Poyan Cobelli, Alex"]
[Black "Vives Cabau, Jordi"]
[Result "0-1"]
[WhiteElo "1248"]
[BlackElo "1758"]
[PlyCount "90"]
[EventDate "2021.04.24"]
[EventType "swiss"]
[EventRounds "9"]
[EventCountry "ESP"]
[SourceTitle "EXT 2022"]
[Source "ChessBase"]
[SourceDate "2021.10.06"]
[SourceVersion "1"]
[SourceVersionDate "2021.10.06"]
[SourceQuality "1"]

1. e4 e5 2. Nf3 Nc6 3. d4 exd4 4. Nxd4 Bb4+ 5. c3 Bc5 6. Be3 Bb6 7. Bc4 Nge7 8. Qf3 Ne5 9. Qe2 Nxc4 10. Qxc4 0-0 11. Bg5 Kh8 12. Bxe7 Qxe7 13. Nd2 d6 14. 0-0 c6 15. Rfe1 Bg4 16. h3 Bd7 17. N2f3 Rae8 18. Rad1 Qf6 19. Nf5 Bxf5 20. exf5 d5 21. Rxe8 Rxe8 22. Qd3 Re4 23. g4 h6 24. b4 Qe7 25. Kg2 Bc7 26. Qd2 Re2 27. Re1 Rxe1 28. Qxe1 Qxe1 29. Nxe1 Be5 30. Nc2 Bxc3 31. f4 d4 32. a3 d3 33. Ne3 b5 34. Nd1 Bd4 35. Kf3 c5 36. Ke4 d2 37. Kd3 Kg8 38. bxc5 Bxc5 39. Kxd2 b4 40. axb4 Bxb4+ 41. Kc2 Kf8 42. Nc3 Bxc3 43. Kxc3 a5 44. g5 Ke7 45. g6 f6 0-1

[Event "Barcelona Amateurs-A 03"]
[Site "Barcelona"]
[Date "2021.03.19"]
[Round "5"]
[White "Vives Cabau, Jordi"]
[Black "Valdes Martin, Roger"]
[Result "1-0"]
[WhiteElo "1784"]
[BlackElo "1700"]
[PlyCount "43"]
[EventDate "2021.03.15"]
[EventType "tourn"]
[EventRounds "9"]
[EventCountry "ESP"]
[SourceTitle "CBM 201 Extra"]
[Source "ChessBase"]
[SourceDate "2021.05.31"]
[SourceVersion "1"]
[SourceVersionDate "2021.05.31"]
[SourceQuality "1"]

1. e4 c5 2. c3 e6 3. d4 cxd4 4. cxd4 a6 5. Nc3 d5 6. e5 b5 7. a3 Ne7 8. Bg5 Nbc6 9. Nf3 Qb6 10. Bd3 Nxd4 11. Nxd4 Qxd4 12. Bxb5+ axb5 13. Qxd4 Bd7 14. Qb6 Nc6 15. Nxb5 Rc8 16. Nc7+ Rxc7 17. Qxc7 h6 18. Bh4 g5 19. Bg3 Bg7 20. Rc1 Nd4 21. Qb8+ Ke7 22. Qb4+ 1-0

[Event "Barcelona Amateurs-B 03"]
[Site "Barcelona"]
[Date "2021.03.18"]
[Round "4"]
[White "Costa Trave, Jaume"]
[Black "Vives Cabau, Jordi"]
[Result "1-0"]
[WhiteElo "1643"]
[BlackElo "1784"]
[PlyCount "77"]
[EventDate "2021.03.15"]
[EventType "tourn"]
[EventRounds "9"]
[EventCountry "ESP"]
[SourceTitle "CBM 201 Extra"]
[Source "ChessBase"]
[SourceDate "2021.05.31"]
[SourceVersion "1"]
[SourceVersionDate "2021.05.31"]
[SourceQuality "1"]

1. e4 e5 2. d4 exd4 3. c3 d5 4. exd5 Qxd5 5. cxd4 Nc6 6. Be3 Bb4+ 7. Nc3 Nf6 8. a3 Bxc3+ 9. bxc3 Bg4 10. c4 Qa5+ 11. Qd2 Qxd2+ 12. Kxd2 0-0-0 13. d5 a6 14. Kc3 Ne5 15. h3 Bf5 16. Nf3 Ne4+ 17. Kb4 Nxf3 18. gxf3 Nf6 19. Rg1 Bg6 20. Kc3 Rhg8 21. Rd1 b6 22. Bd3 Nd7 23. Bd4 Kb7 24. f4 Bxd3 25. Rxd3 f6 26. Re3 c6 27. dxc6+ Kxc6 28. Re6+ Kc7 29. Re7 Kd6 30. Rexg7 Rxg7 31. Rxg7 Rh8 32. h4 b5 33. cxb5 axb5 34. Kb4 Ra8 35. Be3 Ra4+ 36. Kxb5 Rxa3 37. Rxh7 Rb3+ 38. Kc4 Rb7 39. Rh8 1-0

[Event "Barcelona Amateurs-A 03"]
[Site "Barcelona"]
[Date "2021.03.18"]
[Round "4"]
[White "Garcia de Blas, Esteban"]
[Black "Vives Cabau, Jordi"]
[Result "1-0"]
[WhiteElo "1987"]
[BlackElo "1784"]
[PlyCount "93"]
[EventDate "2021.03.15"]
[EventType "tourn"]
[EventRounds "9"]
[EventCountry "ESP"]
[SourceTitle "CBM 201 Extra"]
[Source "ChessBase"]
[SourceDate "2021.05.31"]
[SourceVersion "1"]
[SourceVersionDate "2021.05.31"]
[SourceQuality "1"]

1. d4 f5 2. c4 e6 3. g3 Nf6 4. Bg2 Bb4+ 5. Bd2 Qe7 6. Nf3 0-0 7. 0-0 Bxd2 8. Nbxd2 c6 9. c5 Na6 10. Nc4 Ne8 11. a3 d5 12. cxd6 Nxd6 13. Nxd6 Qxd6 14. b4 Nc7 15. e3 Bd7 16. Ne5 Rae8 17. Qc2 Rf6 18. Qc5 Qxc5 19. bxc5 Bc8 20. Rfb1 g5 21. Nc4 Nd5 22. Nd6 Ref8 23. Bxd5 exd5 24. Nxc8 Rxc8 25. Rxb7 f4 26. exf4 gxf4 27. Rab1 f3 28. Rb8 Rxb8 29. Rxb8+ Kg7 30. Re8 Kg6 31. h3 h5 32. Kh2 h4 33. Re5 a5 34. Re7 a4 35. Ra7 Kf5 36. Re7 Rf8 37. Re5+ Kf6 38. gxh4 Rb8 39. Kg3 Rb3 40. Re3 Kg6 41. Kxf3 Kf5 42. Kg3 Rb8 43. Re5+ Kg6 44. Re6+ Kh5 45. Rxc6 Rb3+ 46. Kf4 Rxa3 47. Ra6 1-0

[Event "Barcelona Amateurs-B 03"]
[Site "Barcelona"]
[Date "2021.03.16"]
[Round "2"]
[White "Usobiaga Ferrer, Enrique"]
[Black "Vives Cabau, Jordi"]
[Result "0-1"]
[WhiteElo "1359"]
[BlackElo "1784"]
[PlyCount "122"]
[EventDate "2021.03.15"]
[EventType "tourn"]
[EventRounds "9"]
[EventCountry "ESP"]
[SourceTitle "CBM 201 Extra"]
[Source "ChessBase"]
[SourceDate "2021.05.31"]
[SourceVersion "1"]
[SourceVersionDate "2021.05.31"]
[SourceQuality "1"]

1. e4 e5 2. Nf3 Nc6 3. Bc4 Nf6 4. d4 exd4 5. Nxd4 Bc5 6. Nxc6 bxc6 7. 0-0 d6 8. Bg5 h6 9. Bxf6 Qxf6 10. Nc3 0-0 11. Na4 Bb6 12. Nxb6 axb6 13. c3 Re8 14. Re1 Re7 15. Qd4 Qxd4 16. cxd4 Be6 17. d5 Bd7 18. a3 Rae8 19. f3 cxd5 20. Bxd5 c6 21. Bb3 d5 22. Rad1 dxe4 23. Rxe4 Rxe4 24. fxe4 Re7 25. e5 Kf8 26. a4 Ke8 27. Re1 Be6 28. Bc2 Rd7 29. Be4 Bd5 30. e6 fxe6 31. Bxd5 Rxd5 32. Rxe6+ Kd7 33. Rg6 Rd1+ 34. Kf2 Rd2+ 35. Ke1 Rxb2 36. Rxg7+ Kc8 37. Rg6 Kb7 38. Rxh6 Rxg2 39. h4 Ra2 40. Rh7+ Ka6 41. Rh8 Rh2 42. h5 Ka5 43. h6 Kxa4 44. h7 Kb5 45. Kf1 c5 46. Kg1 Rh6 47. Kf2 c4 48. Ke3 Kb4 49. Rb8 Rxh7 50. Rxb6+ Kc3 51. Ke2 Rd7 52. Ke3 Re7+ 53. Kf2 Kc2 54. Rd6 c3 55. Rb6 Kc1 56. Rd6 c2 57. Rb6 Re5 58. Rd6 Kb2 59. Rb6+ Kc3 60. Rc6+ Kd3 61. Rd6+ Kc4 0-1

[Event "Barcelona Amateurs 02"]
[Site "Barcelona"]
[Date "2021.02.15"]
[Round "9"]
[White "Vives Cabau, Jordi"]
[Black "Flores Munoz, Daniel"]
[Result "1/2-1/2"]
[WhiteElo "1821"]
[BlackElo "1635"]
[PlyCount "21"]
[EventDate "2021.02.07"]
[EventType "tourn"]
[EventRounds "9"]
[EventCountry "ESP"]
[SourceTitle "EXT 2022"]
[Source "ChessBase"]
[SourceDate "2021.10.06"]
[SourceVersion "1"]
[SourceVersionDate "2021.10.06"]
[SourceQuality "1"]

1. f4 g6 2. Nf3 Bg7 3. e4 d6 4. d4 e5 5. dxe5 dxe5 6. Qxd8+ Kxd8 7. Nxe5 Bxe5 8. fxe5 Nc6 9. Bf4 Nd4 10. Na3 Bg4 11. Bd3 1/2-1/2

[Event "Barcelona Amateurs 02"]
[Site "Barcelona"]
[Date "2021.02.11"]
[Round "5"]
[White "Gallego Montes, Antonio"]
[Black "Vives Cabau, Jordi"]
[Result "1-0"]
[WhiteElo "1788"]
[BlackElo "1821"]
[PlyCount "157"]
[EventDate "2021.02.07"]
[EventType "tourn"]
[EventRounds "9"]
[EventCountry "ESP"]
[SourceTitle "EXT 2022"]
[Source "ChessBase"]
[SourceDate "2021.10.06"]
[SourceVersion "1"]
[SourceVersionDate "2021.10.06"]
[SourceQuality "1"]

1. e4 e5 2. Nc3 Nc6 3. g3 Bc5 4. Bg2 a6 5. d3 d6 6. Nge2 Bg4 7. h3 Be6 8. 0-0 Nge7 9. Kh2 Qd7 10. f4 f6 11. Nd5 0-0 12. a3 Rad8 13. f5 Bxd5 14. exd5 Nd4 15. Nxd4 Bxd4 16. Qg4 Kh8 17. Be4 c6 18. c3 Bb6 19. Qf3 cxd5 20. Bxd5 Nxd5 21. Qxd5 Qf7 22. Qxf7 Rxf7 23. b4 d5 24. Re1 Rc7 25. Bd2 Rdc8 26. a4 Kg8 27. Kg2 Rd7 28. Ra2 Rcd8 29. Be3 d4 30. Bf2 a5 31. b5 Bc5 32. c4 Bb4 33. Re4 b6 34. h4 g6 35. g4 gxf5 36. gxf5 Rg7+ 37. Kf3 Bc5 38. Be1 Kf7 39. Rg2 Rxg2 40. Kxg2 h5 41. Kf3 Rg8 42. Re2 Rg1 43. Re4 Rg8 44. Re2 Rg1 45. Ke4 Rf1 46. Kd5 Rxf5 47. Kc6 Rf3 48. Bxa5 Rxd3 49. Bxb6 Bb4 50. a5 Ra3 51. a6 d3 52. Rg2 d2 53. Rg1 Bc3 54. Be3 f5 55. Rg2 f4 56. Bxd2 Bxd2 57. Rxd2 Ke6 58. Kb7 e4 59. a7 e3 60. Re2 Ke5 61. a8Q Rxa8 62. Kxa8 Kd4 63. b6 f3 64. Rxe3 Kxe3 65. b7 f2 66. b8Q f1Q 67. Qe5+ Kd3 68. c5 Qf3+ 69. Kb8 Qf8+ 70. Kb7 Qf7+ 71. Kc6 Kc2 72. Qe4+ Kb2 73. Qb4+ Ka1 74. Kb6 Qf2 75. Ka5 Qf5 76. Qd4+ Kb1 77. Kb4 Qf8 78. Kc3 Qc8 79. Qb4+ 1-0

[Event "Barcelona Amateurs 02"]
[Site "Barcelona"]
[Date "2021.02.10"]
[Round "4"]
[White "Vives Cabau, Jordi"]
[Black "Abdelkadeer Garstka, Adam"]
[Result "1/2-1/2"]
[WhiteElo "1821"]
[BlackElo "1614"]
[PlyCount "118"]
[EventDate "2021.02.07"]
[EventType "tourn"]
[EventRounds "9"]
[EventCountry "ESP"]
[SourceTitle "EXT 2022"]
[Source "ChessBase"]
[SourceDate "2021.10.06"]
[SourceVersion "1"]
[SourceVersionDate "2021.10.06"]
[SourceQuality "1"]

1. f4 Nh6 2. Nf3 g6 3. g3 Bg7 4. Bg2 d5 5. e3 c5 6. 0-0 Nc6 7. c3 Nf5 8. Na3 h5 9. Qe2 h4 10. g4 h3 11. Bh1 Nh6 12. g5 Ng4 13. d4 cxd4 14. exd4 Be6 15. Ne5 Bxe5 16. fxe5 Qd7 17. Bf4 0-0-0 18. Rac1 Kb8 19. Rfd1 Ka8 20. c4 Bf5 21. cxd5 Nb4 22. d6 exd6 23. exd6 Rhe8 24. Be5 Qxd6 25. Bxd6 Rxe2 26. Bxb4 Rxb2 27. Be7 Re8 28. Rc7 Re2 29. Bb4 Rxh2 30. Bd6 Rxh1+ 31. Kxh1 Nf2+ 32. Kh2 Nxd1 33. Rxf7 Ne3 34. Nb5 Ng4+ 35. Kxh3 Nh6+ 36. Rxf5 Re3+ 37. Kg2 Nxf5 38. Nc7+ Kb8 39. Nd5+ Nxd6 40. Nxe3 Ne4 41. Kf3 Nxg5+ 42. Kf4 Nf7 43. Nd5 b6 44. Ne7 g5+ 45. Kf5 Kb7 46. Ke6 g4 47. Nf5 Ng5+ 48. Kd7 Ne4 49. d5 g3 50. Ne3 b5 51. Ke6 b4 52. d6 Nxd6 53. Kxd6 Kb6 54. Kd5 Kb5 55. Kd4 a5 56. Kd3 a4 57. Kd4 Ka5 58. Kc4 b3 59. axb3 axb3 1/2-1/2

[Event "Barcelona Christmas Amateur 1st"]
[Site "Barcelona"]
[Date "2020.01.05"]
[Round "9.2"]
[White "Anjali, R Sagar"]
[Black "Vives Cabau, Jordi"]
[Result "1-0"]
[WhiteElo "1694"]
[BlackElo "1867"]
[PlyCount "55"]
[EventDate "2019.12.27"]
[EventType "tourn"]
[EventRounds "9"]
[EventCountry "ESP"]
[SourceTitle "EXT 2024"]
[Source "ChessBase"]
[SourceDate "2023.10.10"]
[SourceVersion "1"]
[SourceVersionDate "2023.10.10"]
[SourceQuality "1"]

1. e4 d5 2. exd5 Nf6 3. Bb5+ Bd7 4. Bc4 c6 5. Nc3 Bg4 6. f3 Bf5 7. dxc6 Nxc6 8. d3 e6 9. Be3 Bd6 10. Nge2 0-0 11. Qd2 a6 12. g4 Bg6 13. h4 Ne5 14. Rh3 h5 15. Nf4 hxg4 16. Nxg6 gxh3 17. Nxe5 Bxe5 18. 0-0-0 Nd5 19. Nxd5 exd5 20. Bb3 d4 21. Bg5 Bf6 22. Rg1 Re8 23. Qf4 Qe7 24. a3 Bxg5 25. hxg5 Qe2 26. Qg3 g6 27. Kb1 Qe5 28. Qxh3 1-0

[Event "Barcelona Christmas Amateur 1st"]
[Site "Barcelona"]
[Date "2020.01.03"]
[Round "7.1"]
[White "Silva Rosas, Cristian"]
[Black "Vives Cabau, Jordi"]
[Result "1-0"]
[WhiteElo "1955"]
[BlackElo "1867"]
[PlyCount "69"]
[EventDate "2019.12.27"]
[EventType "tourn"]
[EventRounds "9"]
[EventCountry "ESP"]
[SourceTitle "EXT 2024"]
[Source "ChessBase"]
[SourceDate "2023.10.10"]
[SourceVersion "1"]
[SourceVersionDate "2023.10.10"]
[SourceQuality "1"]

1. c4 f5 2. Nf3 e6 3. g3 Nf6 4. Bg2 Be7 5. Nc3 0-0 6. 0-0 Nc6 7. d3 e5 8. Nd5 d6 9. Nxe7+ Qxe7 10. b3 Bd7 11. Bb2 Rae8 12. Nd2 f4 13. Ne4 Nxe4 14. Bxe4 Bh3 15. Bg2 Bxg2 16. Kxg2 Nd4 17. f3 Nf5 18. Bc1 Qg5 19. Qe1 Rf6 20. Kh1 Rh6 21. g4 Ree6 22. Qf2 Ne3 23. Bxe3 fxe3 24. Qg3 Ref6 25. Kg2 Rh4 26. h3 h5 27. Rh1 Rf4 28. gxh5 Qxh5 29. Rag1 Qh6 30. Kf1 Rf6 31. Qg5 Kf7 32. Rg3 Qxg5 33. Rxg5 e4 34. dxe4 Rxe4 35. Rg4 1-0

[Event "Barcelona Christmas Amateur 1st"]
[Site "Barcelona"]
[Date "2019.12.30"]
[Round "4.4"]
[White "Ani, Virgil"]
[Black "Vives Cabau, Jordi"]
[Result "1-0"]
[WhiteElo "1515"]
[BlackElo "1867"]
[PlyCount "85"]
[EventDate "2019.12.27"]
[EventType "tourn"]
[EventRounds "9"]
[EventCountry "ESP"]
[SourceTitle "EXT 2024"]
[Source "ChessBase"]
[SourceDate "2023.10.10"]
[SourceVersion "1"]
[SourceVersionDate "2023.10.10"]
[SourceQuality "1"]

1. a3 Nf6 2. Nc3 d5 3. d4 Bf5 4. Nf3 h6 5. e3 e6 6. Bd3 c6 7. Bxf5 exf5 8. Ne5 Nbd7 9. f4 Bd6 10. 0-0 Qe7 11. b4 g6 12. Qf3 Ne4 13. Nxe4 fxe4 14. Qh3 0-0-0 15. c4 Bxe5 16. fxe5 Qe6 17. Qxe6 fxe6 18. c5 Rdf8 19. Bd2 Rf5 20. Rxf5 gxf5 21. Rf1 Rg8 22. Be1 b6 23. h3 Kb7 24. Rf4 Ka6 25. Rh4 Rg6 26. Kh2 Kb5 27. Bg3 Ka4 28. Bf4 Kxa3 29. cxb6 Nxb6 30. Rxh6 Rxh6 31. Bxh6 Kxb4 32. Bf8+ Kc4 33. h4 Nd7 34. Be7 f4 35. Kg1 fxe3 36. Kf1 Kxd4 37. Ke2 Nxe5 38. Bf6 c5 39. h5 c4 40. h6 c3 41. h7 c2 42. h8Q c1Q 43. Bxe5+ 1-0

[Event "Barcelona Amateurs"]
[Site "Barcelona"]
[Date "2019.11.13"]
[Round "8.2"]
[White "Vives Cabau, Jordi"]
[Black "Farre Buil, Carles"]
[Result "0-1"]
[WhiteElo "1870"]
[BlackElo "1723"]
[PlyCount "41"]
[EventDate "2019.09.25"]
[EventType "swiss"]
[EventRounds "9"]
[EventCountry "ESP"]
[SourceTitle "EXT 2024"]
[Source "ChessBase"]
[SourceDate "2023.10.10"]
[SourceVersion "1"]
[SourceVersionDate "2023.10.10"]
[SourceQuality "1"]

1. f4 Nf6 2. b3 g6 3. Bb2 Bg7 4. Nf3 0-0 5. e3 d6 6. Be2 b6 7. 0-0 Bb7 8. a4 Nbd7 9. Qe1 e5 10. fxe5 Ng4 11. Nc3 Ngxe5 12. Qg3 Qe7 13. Rae1 Nf6 14. h3 Rae8 15. Nxe5 dxe5 16. d3 c5 17. e4 Rd8 18. Bc1 Ne8 19. Bg4 Bc8 20. Be3 Nc7 21. Bh6 0-1

[Event "Barcelona op 2nd"]
[Site "Barcelona"]
[Date "2019.11.07"]
[Round "7.4"]
[White "Vives Cabau, Jordi"]
[Black "Cano Sevila, Ivan"]
[Result "0-1"]
[WhiteElo "1870"]
[BlackElo "2004"]
[PlyCount "60"]
[EventDate "2019.09.26"]
[EventType "swiss"]
[EventRounds "9"]
[EventCountry "ESP"]
[SourceTitle "EXT 2024"]
[Source "ChessBase"]
[SourceDate "2023.10.10"]
[SourceVersion "1"]
[SourceVersionDate "2023.10.10"]
[SourceQuality "1"]

1. f4 e5 2. fxe5 d6 3. Nf3 Nc6 4. e4 a6 5. b3 Bg4 6. Be2 dxe5 7. Ba3 Bxa3 8. Nxa3 Nf6 9. d3 Bxf3 10. Bxf3 Qd4 11. Ke2 Qc3 12. Re1 g5 13. Kf1 h5 14. Qc1 g4 15. Bd1 0-0-0 16. Nc4 g3 17. hxg3 h4 18. Qb2 Qxb2 19. Nxb2 hxg3 20. c3 Rh1+ 21. Ke2 Rh2 22. Kf3 Rg8 23. Be2 Nh5 24. Nc4 b5 25. Ne3 b4 26. Nf5 bxc3 27. Rg1 Kb8 28. Ke3 Nf4 29. Bf1 Nb4 30. Kf3 Nh3 0-1

[Event "Barcelona Amateurs"]
[Site "Barcelona"]
[Date "2019.11.06"]
[Round "7.4"]
[White "Gisbert Mir, Alfonso"]
[Black "Vives Cabau, Jordi"]
[Result "1-0"]
[WhiteElo "1915"]
[BlackElo "1870"]
[PlyCount "56"]
[EventDate "2019.09.25"]
[EventType "swiss"]
[EventRounds "9"]
[EventCountry "ESP"]
[SourceTitle "EXT 2024"]
[Source "ChessBase"]
[SourceDate "2023.10.10"]
[SourceVersion "1"]
[SourceVersionDate "2023.10.10"]
[SourceQuality "1"]

1. e4 e5 2. Nf3 Nc6 3. d4 exd4 4. Nxd4 Bb4+ 5. c3 Bc5 6. Be3 Bb6 7. Nxc6 bxc6 8. Bxb6 axb6 9. Bc4 Nf6 10. Nd2 0-0 11. 0-0 d6 12. h3 Re8 13. Re1 d5 14. exd5 Rxe1+ 15. Qxe1 cxd5 16. Bb3 Bb7 17. Qe5 Qd7 18. Qf4 Re8 19. Rd1 c5 20. Nc4 Qc6 21. Ne3 c4 22. Bc2 d4 23. cxd4 Rxe3 24. d5 Nxd5 25. Qxe3 g6 26. Qf3 f5 27. g4 fxg4 28. hxg4 Nb4 1-0

[Event "Barcelona Amateurs"]
[Site "Barcelona"]
[Date "2019.10.30"]
[Round "6.3"]
[White "Vives Cabau, Jordi"]
[Black "Ferre Campos, Josep"]
[Result "0-1"]
[WhiteElo "1870"]
[BlackElo "1909"]
[PlyCount "65"]
[EventDate "2019.09.25"]
[EventType "swiss"]
[EventRounds "9"]
[EventCountry "ESP"]
[SourceTitle "EXT 2024"]
[Source "ChessBase"]
[SourceDate "2023.10.10"]
[SourceVersion "1"]
[SourceVersionDate "2023.10.10"]
[SourceQuality "1"]

1. e4 c5 2. c3 d5 3. exd5 Nf6 4. Nf3 Nxd5 5. d4 cxd4 6. Nxd4 a6 7. Be2 e5 8. Nf3 Nc6 9. 0-0 Be7 10. c4 Ndb4 11. Qxd8+ Bxd8 12. Na3 Bf5 13. Rd1 0-0 14. Be3 Bc7 15. Nh4 Be6 16. Nf3 Rfd8 17. Rxd8+ Rxd8 18. Ne1 Bf5 19. g4 Be4 20. f3 Bg6 21. Kf2 f6 22. h4 h6 23. h5 Bh7 24. c5 Kf8 25. Nc4 Nd4 26. a3 Nxe2 27. axb4 Nf4 28. Bxf4 exf4 29. b3 Bg8 30. Ra2 Rd4 31. Rd2 Be5 32. Rxd4 Bxd4+ 33. Ke2 0-1

[Event "Barcelona CC-ch Amateurs A"]
[Site "Barcelona"]
[Date "2019.06.19"]
[Round "7"]
[White "Valbuena Castro, Gregorio"]
[Black "Vives Cabau, Jordi"]
[Result "0-1"]
[WhiteElo "1654"]
[BlackElo "1936"]
[PlyCount "44"]
[EventDate "2019.06.11"]
[EventType "tourn"]
[EventRounds "9"]
[EventCountry "CAT"]
[SourceTitle "EXT 2020"]
[Source "ChessBase"]
[SourceDate "2019.10.17"]
[SourceVersion "1"]
[SourceVersionDate "2019.10.17"]
[SourceQuality "1"]

1. e4 e5 2. d4 exd4 3. c3 d5 4. e5 dxc3 5. Nxc3 d4 6. Ne4 Bb4+ 7. Bd2 Bxd2+ 8. Qxd2 Ne7 9. Nf3 Nbc6 10. Bb5 Bd7 11. Nc5 0-0 12. Nxb7 Qb8 13. Bxc6 Bxc6 14. Nc5 Bxf3 15. gxf3 Qb5 16. Qxd4 Rfd8 17. Qc3 Nd5 18. Qc1 Nb4 19. a3 Qxc5 20. axb4 Qxe5+ 21. Qe3 Qxb2 22. Rc1 Re8 0-1